| 000 | 00884nam a22001937a 4500 | ||
|---|---|---|---|
| 005 | 20250724114304.0 | ||
| 010 | _aHIN-129974 | ||
| 020 |
_a9789381610817 _c225.00 |
||
| 035 | _aHN-102320 | ||
| 037 | _bDBAD | ||
| 082 | _aक | ||
| 100 |
_aमुकेश ज्ञानदेव _983240 |
||
| 245 |
_aमाँ की याद एवं अन्य लघुकथाएं / _cज्ञानदेव मुकेश |
||
| 250 | _aप्रथम | ||
| 260 |
_aदिल्ली _bशिल्पायन पुब्लिशार्स एण्ड डिस्ट्रीब्यूटर्स |
||
| 270 |
_a10295 , लेन नं. 1, वेस्ट गोरखपार्क , शाहदरा, _bदिल्ली _e110032 _k001 22826078 |
||
| 300 |
_a104 पृ. _c21.3 सेमी (सजिल्द ) |
||
| 942 |
_2ddc _cHN _hक _mमुकेश |
||
| 999 |
_c212533 _d212533 |
||